Company law : A Comprehensive Text Book on Companies Act-2013 (Record no. 10808)

MARC details
000 -LEADER
fixed length control field 00423nam a22001697a 4500
003 - CONTROL NUMBER IDENTIFIER
control field OSt
008 - FIXED-LENGTH DATA ELEMENTS--GENERAL INFORMATION
fixed length control field 201120b ||||| |||| 00| 0 eng d
082 ## - DEWEY DECIMAL CLASSIFICATION NUMBER
Classification number 346.066
Item number KAC
100 ## - MAIN ENTRY--PERSONAL NAME
Personal name KAPOOR, G.K.
245 ## - TITLE STATEMENT
Title Company law : A Comprehensive Text Book on Companies Act-2013
250 ## - EDITION STATEMENT
Edition statement 23rd
260 ## - PUBLICATION, DISTRIBUTION, ETC. (IMPRINT)
Place of publication, distribution, etc New Delhi
Name of publisher, distributor, etc Taxman
Date of publication, distribution, etc 2021
300 ## - PHYSICAL DESCRIPTION
Extent Misc
650 ## - SUBJECT ADDED ENTRY--TOPICAL TERM
Topical term or geographic name as entry element B.Com
700 ## - ADDED ENTRY--PERSONAL NAME
Personal name DHAMIJA, Sanjay
942 ## - ADDED ENTRY ELEMENTS (KOHA)
Source of classification or shelving scheme Dewey Decimal Classification
Koha item type Text Books
942 ## - ADDED ENTRY ELEMENTS (KOHA)
-- 9
Holdings
Withdrawn status Lost status Source of classification or shelving scheme Damaged status Not for loan Collection code Home library Current library Date acquired Source of acquisition Currency Cost, normal purchase price Bill Number Total Checkouts Full call number Acc. no. / Barcode Date last seen Actual Cost, discounted price Bill Date Koha item type Checked out Date last borrowed
    Dewey Decimal Classification     B.Com PIET NCR College Library PIET NCR College Library 24/07/2021 Kirti Prakashan IN Rupees 825.00 IN2290   346.066 KAC N1691 06/08/2021 577.50 24/07/2021 Reference Books    
    Dewey Decimal Classification     B.Com PIET NCR College Library PIET NCR College Library 24/07/2021 Kirti Prakashan IN Rupees 825.00 IN2290 6 346.066 KAC N1692 18/05/2026 577.50 24/07/2021 Text Books 01/06/2026 18/05/2026
    Dewey Decimal Classification     B.Com PIET NCR College Library PIET NCR College Library 24/07/2021 Kirti Prakashan IN Rupees 825.00 IN2290 4 346.066 KAC N1693 14/03/2024 577.50 24/07/2021 Text Books   13/03/2024
    Dewey Decimal Classification     B.Com PIET NCR College Library PIET NCR College Library 24/07/2021 Kirti Prakashan IN Rupees 825.00 IN2290 1 346.066 KAC N1694 29/10/2021 577.50 24/07/2021 Text Books   01/09/2021
    Dewey Decimal Classification     B.Com PIET NCR College Library PIET NCR College Library 24/07/2021 Kirti Prakashan IN Rupees 825.00 IN2290 4 346.066 KAC N1695 14/03/2024 577.50 24/07/2021 Text Books   13/03/2024

Design & Developed by: PIET Central Library
R70 Miles Stone Pattikalyana Samalkha Panipat 132102
mail ID :- [email protected], Phone No:- 0180-2569700 Ex.216